000 00293nam a2200121Ia 4500
008 191201s2014 xx 000 0 und d
100 _aGONZALEZ,Rafael C
245 0 _aDigital Image Processing
260 _aN. delhi
_bPearson
_c2014
300 _a924
650 _aM.Tech(CSE)
942 _2ddc
_cBK
999 _c6020
_d6020